Statistics for Countries With Most Migrations

Click here to take the quiz!

General Stats

  • This quiz has been taken 155 times
  • The average score is 4 of 8

Answer Stats

Answer% Correct
China
81%
India
80%
Syria
71%
Pakistan
64%
Bangladesh
44%
Indonesia
37%
Philippines
29%
Sudan
21%

Score Distribution

Percentile by Number Answered

Percent of People with Each Score

Your Score History

You have not taken this quiz